Decoupling : from dependence to independence

Αποθηκεύτηκε σε:
Λεπτομέρειες βιβλιογραφικής εγγραφής
Κύριος συγγραφέας: De la Pena, Victor
Άλλοι συγγραφείς: Gine, Evarist 1944-
Μορφή: Βιβλίο
Γλώσσα:English
Δημοσίευση: Berlin ; New York : Springer, c1999
Σειρά:Probability and its applications
Θέματα:
Ετικέτες: Προσθήκη ετικέτας
Δεν υπάρχουν, Καταχωρήστε ετικέτα πρώτοι!

MARC

LEADER 00000nam a2200000 i 4500
001 1/93608
008 991122s1999 eng d
020 |a 0387986162 
035 |l 10054468 
040 |a GR-MY-UA  |b gre  |e aacr 
041 0 |a eng 
082 0 |a 519.287 
100 1 |a De la Pena, Victor. 
245 1 0 |a Decoupling :  |b from dependence to independence /  |c Victor H. de la Pena, Evarist Gine 
260 |a Berlin ; New York :   |b Springer,   |c c1999 
300 |a xv, 392 p.;  |c 24 cm. 
490 1 |a Probability and its applications 
500 |a "Randomly stopped processes U-statistics and processes martingales and beyond" 
500 |a Includes bibliographical references and index 
650 0 0 |a Decoupling (Mathematics) 
700 1 |a Gine, Evarist  |d 1944- 
830 0 |a Probability and its applications 
852 |a INST  |b SAMOS  |e 19991122  |h 519.287 DEL  |p 005300017109  |q 005300017109  |t BK  |y 0 
901 |a BIBL3-1999-3 
909 |a Σ  |b 067243 
922 |a 3ΕΛΗ  |b 199909  |c ΕΠΕΑΕΚ/ΜΑΘ  |d ΠΑΠΑΣΩΤΗΡΙΟΥ 
970 |a ΓΕΝΟΥΖΟΥ  |b ΧΡΥΣΑΝΘΗ  |z 1999/11/22